000 01257nam a22002411a 4500
999 _c11223
_d11223
001 11223
003 OSt
005 20260204212233.0
008 120116s2011||||dr ||||||b||||||||||spa||
090 _aBIO 2011 G17
100 1 _aGarcía Guillot, Yesenia Claribel
_esustentante
245 1 _aIncidencia de elevación de glucosa basal y post-pandrial en embarazadas primiparas que asisten a la consulta de ginecología del sub-centro de salud Villa La Mata en los Meses de Febrero-Marzo 2011 con edades 15-35 años / Yesenia Claribel García Guillot, Migdalia Ulloa Jímenez, Ana Massiel Hernández Bautista ; asesor Eva Crucelina Abreu
260 _aCotuí, República Dominicana :
_bUTECO,
_c2011
300 _a36 hojas
502 _aTrabajo de grado (Licenciatura en Bioanálisis )--Universidad Tecnológica del Cibao Oriental, 2011.
504 _aincluye referencia bibliográfica e índice
650 4 _aIncidencia de elevación de glucosa basal y post-pandrial
700 1 _aUlloa Jímenez, Migdalia
_esustentante
700 1 _aHernández Bautista, Ana Massiel
_esustentante
700 1 _aCrucelina Abreu, Eva
_easesor
830 _aTesis y disertaciones académicas (Universidad Tecnológica del Cibao Oriental)
942 _2LC
_cTH